000 00555nam a22002057a 4500
003 koha_MIRAKIL
005 20231213100423.0
008 231213b |||||||| |||| 00| 0 ||| d
020 _b978-6-05-492725-8
040 _aTR-IsEVY
_btur
_cTR-IsEVY
082 _a813.42 SEZ/Ş
100 _aSezer, Sennur.
245 0 _aŞahmaran
250 _a2. bs.
260 _bKırmızı Kedi Yayınevi,
_c2018
300 _a107 s.
650 _aTürk edebiyatı -- Roman -- Mitoloji.
650 _aTurkish literature -- Roman -- Mythology.
942 _2ddc
_cBK
999 _c19645
_d19645